| 000 | 01061nam a22003017a 4500 | ||
|---|---|---|---|
| 003 | CHAP | ||
| 005 | 20220329140042.0 | ||
| 008 | 971013s1977 r 10010 d | ||
| 010 | _a46254 | ||
| 011 | _a47226 | ||
| 035 | _a51368 | ||
| 040 | _cCHAP | ||
| 082 |
_a632.96 _bR4 1977 |
||
| 111 | 0 | 0 |
_aReunión Nacional de Control Biológico y Sector Agropecuario Organizado ( _n5 _d: 1977 _c: Cd. Victoria, Tamps.) _996457 |
| 245 | _aMemorias | ||
| 260 |
_aMéxico, D. F. : _bDirección General de Sanidad Vegetal, _c1977 |
||
| 300 | _aPág. varía | ||
| 590 |
_aBATCH-UPD _b10 _c20130110 _lUCH01 _h2027 |
||
| 590 |
_aBATCH-UPD _b10 _c20130410 _lUCH01 _h1344 |
||
| 590 |
_aBATCH-UPD _b10 _c20130914 _lUCH01 _h1046 |
||
| 590 |
_aCONVERSION _b10 _c20130109 _lUCH01 _h1325 |
||
| 650 | 1 | 4 |
_aControl biológico de plagas. _927587 |
| 650 | 1 | 4 |
_aSanidad Vegetal _xCongresos. _9102227 |
| 901 | _aBK | ||
| 942 | _cLIBRO | ||
| 949 |
_a632.96 R4 1977 _bBC _cLIBRO _d-114956 _eLIBRO _h43307 _i51368 _si |
||
| 949 |
_a632.96 R4 1977 _bBC _cLIBRO _d33724000188165 _eLIBRO _fc.2 _h59365 _i51368 _si |
||
| 999 |
_c46254 _d46254 |
||